Quản lý giáo dục văn hóa giao tiếp cho học sinh ở các trường THPT huyện Cầu Kè tỉnh Trà Vinh
Nghiên cứu lý luận, khảo sát thực tiễn nhằm đánh giá thực trạng và đề xuất một số biện pháp quản lý giáo dục văn hóa giao tiếp cho học sinh của các trường THPT huyện Cầu Kè, tỉnh Trà Vinh trong giai đoạn hiện nay.
שמור ב:
| מחבר ראשי: | |
|---|---|
| מחברים אחרים: | |
| פורמט: | ספר |
| שפה: | Vietnamese |
| יצא לאור: |
Đà Nẵng
Đại học Đà Nẵng
2016
|
| נושאים: | |
| תגים: |
הוספת תג
אין תגיות, היה/י הראשונ/ה לתייג את הרשומה!
|
| Thư viện lưu trữ: | Mạng thư viện Đại học Đà Nẵng |
|---|
| LEADER | 01965nam a2200373 4500 | ||
|---|---|---|---|
| 001 | 000024493 | ||
| 003 | 20981 | ||
| 005 | 20161223101246.0 | ||
| 008 | 161212s2016 viesd | ||
| 041 | |a vie | ||
| 082 | 1 | 4 | |a 373.1394 |b NG-H |
| 100 | 1 | |a Nguyễn Văn Hợp | |
| 245 | 1 | 0 | |a Quản lý giáo dục văn hóa giao tiếp cho học sinh ở các trường THPT huyện Cầu Kè tỉnh Trà Vinh |c Nguyễn Văn Hợp ; Nguyễn Thị Trâm Anh hướng dẫn |k Luận văn tốt nghiệp |
| 246 | |a Quản lý giáo dục văn hóa giao tiếp cho học sinh ở các trường trung học phổ thông huyện Cầu Kè tỉnh Trà Vinh | ||
| 260 | |a Đà Nẵng |b Đại học Đà Nẵng |c 2016 | ||
| 300 | |a 103 tr. ; phụ lục 11 tr. |c 29 cm. |e Tóm tắt | ||
| 500 | |a Luận văn Thạc sĩ . Chuyên ngành : Giáo dục học. Mã số: 60 14 01 14 | ||
| 520 | 3 | |a Nghiên cứu lý luận, khảo sát thực tiễn nhằm đánh giá thực trạng và đề xuất một số biện pháp quản lý giáo dục văn hóa giao tiếp cho học sinh của các trường THPT huyện Cầu Kè, tỉnh Trà Vinh trong giai đoạn hiện nay. | |
| 650 | 0 | 4 | |a Giáo dục trung học |v Luận văn thạc sĩ |x Học sinh |x Văn hóa giao tiếp |z Trà Vinh |
| 653 | |a Quản lý giáo dục trung học | ||
| 653 | |a Quản lý giáo dục | ||
| 653 | |a Văn hóa giao tiếp | ||
| 653 | |a Học sinh | ||
| 700 | 1 | |a Nguyễn Thị Trâm Anh |c TS. |e Hướng dẫn | |
| OWN | |a LSP | ||
| AVA | |a UDN50 |b LSP |d 373.1394 NG-H |e available |t Error 5001 Not defined in file expand_doc_bib_avail. |f 1 |g 0 |h N |i 0 |k 1 | ||
| 999 | |a From the UDN01 | ||
| AVA | |a UDN50 |b LSP |d 373.1394 NG-H |e available |t Error 5001 Not defined in file expand_doc_bib_avail. |f 1 |g 0 |h N |i 0 |k 1 | ||
| TYP | |a Monograph | ||
| TYP | |a Printed language | ||
| 980 | |a Mạng thư viện Đại học Đà Nẵng | ||